00336nam a2200133Ia 4500008004100000020001500041041001200056082001600068100001600084245005300100260002500153300000800178650001600186221030s9999 xx 000 0 und d a8120308840 aEnglish a105.23bKru aR. L. Kruse 0aData Structures & Program Designcby R. L. Kruse bPHIaNew Delhic1999 a689 aBE Computer